1247 1319 1692 1943 1153 1086 1134 1394 1045 1105 1547 1910 1024 1743 1282 1809 1953 1652 1074 1289 1486 1572 1262 1297 1242 1981 1935 1174 1624 1169 1312 1436 1105 1910 1684 1407 1575 1791 1945 1143 1491 1977 1014 1385 1068 1545 1532 1644 1069 1817 1753 1924 1201 1163 1803 1333 1431 1720 1461 1083 1660 1909 1609 1830 1106 1433 1870 1186 1071 1217 1657 1167 1862 1533 1992 1851 1245 1844 1312 1533 1319 1278 1323 1259 1815 1267 1028 1559 1321 1211 1709 1964 1822 1808 1480 1553 1307 1988 1295 BCNSPRNW ULIB Ver.6.0+V

เปลี่ยนเป็นภาษาไทย

Change to English
 แสดงรายละเอียดบรรณานุกรม
  กลับหน้าหลัก

Brief Record : Get Marc (ISO 2709) : E-mail record : QR code < ปิดหน้าต่าง
LEADER : 00000nam 2200000uu 4500
001    13399120407
003     ULIB
008    120919s2547||||th 000 0 tha d
020    ^a9743327185
060 04 ^aWB115^bท481ห 2547
245 00 ^aหัตถการทางการแพทย์ทางด้านอายุรศาสตร์ /^cบรรณาธิการ, วิทยา ศรีดามา
250    ^aพิมพ์ครั้งที่ 2
260    ^aกรุงเทพฯ :^bโครงการตำราจุฬาอายุรศาสตร์ ภาควิชาอายุรศาสตร์คณะแพทยศาสตร์ จุฬาลงกรณ์มหาวิทยาลัย,^c2547
300    ^a225, vii หน้า :^bภาพประกอบ ;^c27 ซม.
440  0 ^aโครงการตำราจุฬาอายุรศาสตร์ ;^vฉบับที่ 17
650  7 ^aการรักษาโรค
650  7 ^aหัตถการทางการแพทย์
650  7 ^aอายุรศาสตร์
700 0  ^aวิทยา ศรีดามา,^eบรรณาธิการ
710 2  ^aจุฬาลงกรณ์มหาวิทยาลัย. ^bภาควิชาอายุรศาสตร์.^bโครงการตำราจุฬาอายุรศาสตร์
945    ^p200^l0^i24442
945    ^p200^l0^i24441
945    ^p200^l0^i13362
945    ^p200^l0^i13364
945    ^p200^l0^i13365
945    ^p200^l0^i13363
945    ^p200^l0^i13361
995    ^aกัณชพร
999 ^a ใช้งานได้ทุกระบบ
รายการนี้ยังไม่มีแท็ก
คุณยังไม่ได้ล็อกอิน คุณสามารถมีกิจกรรมร่วมกับเว็บไซต์ได้ แต่ต้องล็อกอินก่อน ::
  ล็อกอิน

รายการสื่อสารสนเทศ

ลำดับที่ ประเภท เลขเรียก/บาร์โค้ด สถานที่ สถานะ
1. วิทยาศาสตร์การแพทย์ และสุขภาพ
วิทยาศาสตร์การแพทย์ และสุขภาพ
WB115 ท481ห 2547  
  Barcode: 24442
ห้องสมุดวิทยาเขตสวรรค์ประชารักษ์
►หนังสือทั่วไป
บนชั้น
2. วิทยาศาสตร์การแพทย์ และสุขภาพ
วิทยาศาสตร์การแพทย์ และสุขภาพ
WB115 ท481ห 2547 ฉ.2 
  Barcode: 24441
ห้องสมุดวิทยาเขตสวรรค์ประชารักษ์
►หนังสือทั่วไป
บนชั้น
3. วิทยาศาสตร์การแพทย์ และสุขภาพ
วิทยาศาสตร์การแพทย์ และสุขภาพ
WB115 ท481ห 2547 ฉ.3 
  Barcode: 13362
ห้องสมุดวิทยาเขตสวรรค์ประชารักษ์
►หนังสือทั่วไป
บนชั้น
4. วิทยาศาสตร์การแพทย์ และสุขภาพ
วิทยาศาสตร์การแพทย์ และสุขภาพ
WB115 ท481ห 2547 ฉ.4 
  Barcode: 13364
ห้องสมุดวิทยาเขตสวรรค์ประชารักษ์
►หนังสือทั่วไป
บนชั้น
5. วิทยาศาสตร์การแพทย์ และสุขภาพ
วิทยาศาสตร์การแพทย์ และสุขภาพ
WB115 ท481ห 2547 ฉ.5 
  Barcode: 13365
ห้องสมุดวิทยาเขตสวรรค์ประชารักษ์
►หนังสือทั่วไป
บนชั้น
6. วิทยาศาสตร์การแพทย์ และสุขภาพ
วิทยาศาสตร์การแพทย์ และสุขภาพ
WB115 ท481ห 2547 ฉ.6 
  Barcode: 13363
ห้องสมุดวิทยาเขตสวรรค์ประชารักษ์
►หนังสือทั่วไป
บนชั้น
7. วิทยาศาสตร์การแพทย์ และสุขภาพ
วิทยาศาสตร์การแพทย์ และสุขภาพ
WB115 ท481ห 2547 ฉ.7 
  Barcode: 13361
ห้องสมุดวิทยาเขตสวรรค์ประชารักษ์
►หนังสือทั่วไป
บนชั้น

รายการใกล้เคียง
    หัวเรื่อง [การรักษาโรค]
    หัวเรื่อง [หัตถการทางการแพทย์]
    หัวเรื่อง [อายุรศาสตร์]

BibComment


ยังไม่เคยถูกคอมเมนท์

คอมเมนท์ทรัพยากรรายการนี้
  คอมเมนท์: หัตถการทางการแพท..


 Copyright 2026. Bcnsprnw @Library